| 000 | 00533nam a22001815i 4500 | ||
|---|---|---|---|
| 001 | 171748 | ||
| 003 | ES-MaACL | ||
| 005 | 20251001174022.0 | ||
| 008 | 090527s1961 sp |||| | cat d | ||
| 100 | 1 |
_aSoleriestruch. _9140384 |
|
| 245 | 1 | 0 |
_aDe la ingènua veritat / _cSoleriestruch. |
| 260 |
_aValencia : _bTorre, _c1961. |
||
| 300 |
_a53 p. ; _c17 cm. |
||
| 490 | 1 |
_aCol-lecció l'Espiga ; _v44 |
|
| 830 | 0 |
_aCol·lecció l'espiga _v44 _9229379 |
|
| 852 |
_aES-MaACL _jC-20227 _9R.48631 |
||
| 999 |
_c171748 _d171748 |
||